000 00706nam a2200205 i 4500
001 75332
003 ES-MaACL
005 20230906172419.0
007 t|
008 040923s1952 sp ||||1| spa d
100 1 _aGregorio García-Serrano, Eduardo de.
_959905
245 1 0 _aVacunoterapia, quimioterapia y medicación antibiótica en dermovenereología /
_cpor E. de Gregorio García-Serrano.
250 _a[1ª ed.].
260 _aBarcelona :
_bSalvat,
_c1952 (
_fImp. Hispano-Americana)
300 _a203 p. ;
_c23 cm.
490 1 _aManuales de medicina práctica ;
_v114
830 0 _aManuales de medicina práctica ;
_v114
_9181070
852 _aES-MaACL
_jD-8012
_bR.32944
999 _c75332
_d75332